000 00776cam a2200229 a 4500
001 000005776
005 20200929151759.0
008 760714s1968 uy 000 p spa
040 _aDO-SdBNP
_bspa
_cBNPHU
082 _aU861.4
_bI64s
100 1 _aIpuche, Pedro Leandro,
_d1889-1976.
_916349
240 1 0 _aPoems. Selections.
_f1968
245 1 0 _aSelección de prosas /
_cPedro Leandro Ipuche ; prólogo de Domingo Luis Bordoli.
260 _aMontevideo :
_b[Tall. Graf. Barreiro y Ramos],
_c1968.
300 _a2 v. ;
_c19 cm.
490 1 _aBiblioteca Artigas
490 1 _aClásicos uruguayos
_v127-128
650 4 _aPoesía uruguaya
_93846
650 4 _aLiteratura uruguaya
_93054
830 0 _aClásicos uruguayos ;
_v127-128
_916278
830 0 _aBiblioteca Artigas
_916279
999 _c5572
_d5572